Tilastot visalle Nigerin naapurimaat

Klikkaa tästä pelataksesi tätä visaa!

Yleistilastot

  • Tätä visaa on pelattu 222 kertaa
  • Keskiarvotulos 6 / 7

Vastaustilastot

Rajan pituus (km)Maa% Oikein
1 608Nigeria
98%
838Mali
90%
1 196Tšad
90%
951Algeria
83%
342Libya
80%
622Burkina Faso
75%
277Benin
72%

Tulosjakauma

Persentiili vastausten määrän mukaan

Jokaisen tuloksen saaneiden osuus

Tuloshistoriasi

Et ole pelannut tätä visaa